00663 2200253 4500001002100000005001500021035002000036007000300056008004100059020001800100082001100118084001700129100001800146245005700164250001000221260004000231300003500271650003300306990001400339990001400353990001400367990001400381990001400395INLIS00000000001043120251009040837 a0010-0925000029ta251009 g 0 ind  a9786026587558 a352.48 a352.48 FIR p0 aFirman Sujadi1 aPengadaan barang/jasa dan dana desa /cFirman Sujadi aCet 1 aJakarta :bBee Media Pustaka,c2018 a74 hal :bilus ;c17.6 x 25 cm 4aAnggaran administrasi negara a025.00016 a025.00017 a025.00018 a025.00019 a025.00020